00438nam a2200193Ia 4500003000900000008004100009040001300050040001300063041000800076100001900084245004600103250001200149260000800161260000900169300001100178300001000189490003900199490000600238IT-RoPAU120407s9999 xx 000 0 und d aIT-RoPAU cIT-RoPAU aita aEmanuela Ghini aLettera ai Colossesi. Commento Pastorale. aBologna aEDB c1990 a256 p. c24 cm aLettura pastorale della Bibbia, 21 v1